000 002670000a22000970004500
100 1 _aCuthbertson, Malcolm
245 1 0 _aThe kingdom and the poor
300 _aVol. 4, Num. 2 (1986), Páginas 123-133
773 0 _tScottish Bulletin of Evangelical Theology
942 _cANA
999 _c55671
_d55671